Flagi państw bez liter P, O, L, S, K, A - Statystyki

Ogólne statystyki
  • Ten quiz został rozwiązany 17 razy
  • Średni wynik to 10 z 12
Statystyki odpowiedzi
Obrazkowy Odpowiedź % Poprawnych
Chiny
100%
Czechy
93%
Indie
93%
Niemcy
93%
Węgry
93%
Niger
80%
Benin
73%
Burundi
73%
Tajwan
73%
Brunei
67%
Dżibuti
60%
Fidżi
53%
Nie znaleziono quizów pasujących do podanych kryteriów
Rozkład punktacji
Procent ludzi z każdym wynikiem
Percentyl według liczby udzielonych odpowiedzi
Twoja historia wyników
Nie rozwiązałeś tego quizu